Thank you in 50 different languages SPECIAL - Statistics

General Stats
  • This quiz has been taken 117 times
  • The average score is 32 of 50
Answer Stats
Thank You Language % Correct
Merci French
99%
Gracias Spanish
98%
Danke German
95%
Grazie Italian
95%
Obrigado Portuguese
95%
Спасибо (Spasibo) Russian
94%
ありがとう (Arigato) Japanese
93%
謝謝 (Xièxiè) Chinese
90%
شكرا (Shukraan) Arabic
89%
Tak Danish
87%
ขอบคุณ (K̄hxbkhuṇ) Thai
86%
Tack Swedish
85%
Kiitos Finnish
84%
Dziękuję Ci Polish
84%
Hvala Bosnian/Croatian/Slovenian
83%
धन्यवाद (dhanyavaad) Hindi
83%
감사합니다 (Gamsahabnida) Korean
82%
תודה (Toda raba) Hebrew
79%
Teşekkür ederim Turkish
79%
хвала (hvala) Serbian
78%
متشکرم (Moteshakeram) Persian
77%
Cảm ơn bạn Vietnamese
77%
Děkuji Czech
74%
Köszönöm Hungarian
71%
Dankie Afrikaans
67%
Рақмет сізге (Raqmet sizge) Kazakh
66%
Ďakujem Slovak
64%
አመሰግናለሁ (āmeseginalehu) Amharic
62%
Mahalo Hawaiian
60%
Aitäh Estonian
59%
Terima kasih Indonesian/Malay
59%
Asante Swahili
59%
баярлалаа (bayarlalaa) Mongolian
57%
Gratias tibi Latin
56%
Faleminderit Albanian
54%
ຂອບ​ໃຈ (khob chai) Lao
54%
Paldies Latvian
53%
Diolch Welsh
49%
Ngiyabonga Zulu
48%
Mauruuru Maori
34%
Tapadh leat Scots Gaelic
31%
E dupe Yoruba
30%
Ahéhee' Navajo
28%
Dankewol Flemish
25%
Nakurmiik Inuit
20%
Dankon Esperanto
18%
nuqneH Klingon
18%
Níib óolal Yucatec Maya
10%
Zola'u nìprrte' Na'vi
8%
Hannon le Sindarin
6%
No matching quizzes found
Score Distribution
Percent of People with Each Score
Percentile by Number Answered
Your Score History
You have not taken this quiz